Sports Quiz

Random Sports Quiz

Artilheiros do campeonato carioca Quiz Stats

 Plays Quiz not verified by Sporcle

Challenge
Share
Tweet
Embed
Score 0/126 Timer 10:00
0 Plays Today
% Correct
Roberto
100%
Zico
100%
Zico
100%
Zico
100%
Zico
100%
Zico
100%
Zico
100%
Romário
100%
Romário
100%
Romário
100%
Romário
100%
Romário
100%
Romário
100%
Romário
100%
Túlio Maravilha
88.2%
Túlio Maravilha
88.2%
Túlio Maravilha
88.2%
Fred
88.2%
Roberto Dinamite
82.4%
Roberto Dinamite
82.4%
Roberto Dinamite
82.4%
Bebeto
76.5%
Bebeto
76.5%
Quarentinha
64.7%
Quarentinha
64.7%
Quarentinha
64.7%
Dodô
64.7%
Dodô
64.7%
Leonidas
58.8%
Ézio
58.8%
Vagner Love
58.8%
Ademir
52.9%
Ademir
52.9%
Valdir
52.9%
Valdir
52.9%
Heleno
47.1%
Edílson
47.1%
Preguinho
41.2%
Preguinho
41.2%
Amarildo
41.2%
Gaúcho
41.2%
Gaúcho
41.2%
% Correct
Wellington Paulista
41.2%
Paulinho
35.3%
Maicosuel
35.3%
Zizinho
29.4%
Cláudio Adão
29.4%
Cláudio Adão
29.4%
Cláudio Adão
29.4%
Alecsandro
29.4%
Nilo
23.5%
Nilo
23.5%
Nilo
23.5%
Carvalho Leite
23.5%
Carvalho Leite
23.5%
Carvalho Leite
23.5%
Doval
23.5%
Doval
23.5%
Charles
23.5%
Flávio Ramos
17.6%
Flávio Ramos
17.6%
Russinho
17.6%
Russinho
17.6%
Pirilo
17.6%
Paulinho Valentim
17.6%
Amoroso
17.6%
Amoroso
17.6%
Flávio
17.6%
Flávio
17.6%
Baltazar
17.6%
Marcelo
17.6%
Telê
11.8%
Telê
11.8%
Telê
11.8%
China
11.8%
Lelé
11.8%
Orlando
11.8%
Menezes
11.8%
Dino da Costa
11.8%
Waldo
11.8%
Paulo Borges
11.8%
Paulo Borges
11.8%
Paulo César
11.8%
Luisinho
11.8%
% Correct
Luisinho
11.8%
Fábio
11.8%
Fábio Bala
11.8%
Horácio Costa
5.9%
Edwin Cox
5.9%
Abelardo de Lamare
5.9%
James Calvert
5.9%
Henry Robinson
5.9%
Mimi Sodré
5.9%
Mimi Sodré
5.9%
Barthô
5.9%
Welfare
5.9%
Aluízio
5.9%
Luís Menezes
5.9%
Luís Menezes
5.9%
Arlindo
5.9%
Claudionor
5.9%
Nonô
5.9%
Nonô
5.9%
Nonô
5.9%
Vicente
5.9%
Vicente
5.9%
Ladislau
5.9%
Tião
5.9%
Bianco
5.9%
Alfredinho
5.9%
Ladislau
5.9%
Hércules
5.9%
Niginho
5.9%
João Pinto
5.9%
Geraldino
5.9%
Rodrigues
5.9%
Dimas
5.9%
Otávio
5.9%
Carlyle
5.9%
Benítez
5.9%
Saulzinho
5.9%
Bianchini
5.9%
Dario
5.9%
Somália
5.9%
Brás de Oliveira
0%
Pastor
0%

You're not logged in!

Compare scores with friends on all Sporcle quizzes.
OR
Log In

You Might Also Like...

Show Comments

Extras

Created Mar 27, 2013SourceReportNominate

Top Quizzes Today


Score Distribution

Your Account Isn't Verified!

In order to create a playlist on Sporcle, you need to verify the email address you used during registration. Go to your Sporcle Settings to finish the process.

Report this User

Report this user for behavior that violates our Community Guidelines.

Details: